Airlines Serving Toronto (YYZ) - Statistics

General Stats
  • This quiz has been taken 992 times
    770 since last reset
  • The average score is 17 of 39
Answer Stats
Airline % Correct
Air Canada
93%
American Airlines
87%
British Airways
87%
Delta Airlines
87%
Lufthansa
83%
United Airlines
83%
Air France
82%
Emirates
73%
KLM
69%
WestJet
61%
Aer Lingus
56%
Turkish Airlines
51%
Aeromexico
50%
Etihad Airways
47%
TAP Air Portugal
47%
Air India
46%
Korean Air
43%
Cathay Pacific
40%
LOT Polish Airlines
38%
Icelandair
36%
China Eastern Airlines
35%
China Southern Airlines
35%
Air Transat
34%
El Al
31%
Avianca Airlines
28%
Ethiopian Airlines
28%
EVA Air
26%
Sunwing Airlines
26%
Egyptair
25%
Flair Airlines
24%
Copa Airlines
21%
Philippine Airlines
18%
Pakistan International Airlines
15%
Hainan Airlines
14%
Condor
13%
Lynx Air
10%
Caribbean Airlines
9%
Azores Airlines
7%
Ukraine International Airlines
3%
No matching quizzes found
Score Distribution
Percent of People with Each Score
Percentile by Number Answered
Your Score History
You have not taken this quiz since the last reset